Normal view
MARC view
- PURSUING THE ENDLESS FRONTIER.ESSAYS ON MIT AND THE ROLE OF RESEARCH UNIVERSITIES
Entry Topical Term
001 - CONTROL NUMBER
- control field: 65388
003 - CONTROL NUMBER IDENTIFIER
- control field: NUST
005 - DATE AND TIME OF LATEST TRANSACTION
- control field: 20210628203427.0
008 - FIXED-LENGTH DATA ELEMENTS
- fixed length control field: 210628|| aca||aabn | a|a d
040 ## - CATALOGING SOURCE
- Original cataloging agency: NUST
- Transcribing agency: NUST
150 ## - HEADING--TOPICAL TERM
- Topical term or geographic name entry element: PURSUING THE ENDLESS FRONTIER.ESSAYS ON MIT AND THE ROLE OF RESEARCH UNIVERSITIES
670 ## - SOURCE DATA FOUND
- Source citation: Work cat.: (NUST): Vest, Charles M. 65387, Pursuing the endless frontier, essays on mit and the role of research universities, 2005
